| 000 | 01544cam a22002771i 4500 | ||
|---|---|---|---|
| 003 | SA-RiAUC | ||
| 005 | 20250313104850.0 | ||
| 008 | 250311q19001999mr g 00010cara c | ||
| 040 |
_aKW-ShULA _bara _cSA-RiAUC _erda |
||
| 082 | 0 | 4 |
_a953.09 _qSA-RiAUC |
| 090 |
_a953.09 _bل س ا |
||
| 100 | 1 |
_aلسان الدين ابن الخطيب، محمد بن عبد الله بن سعيد، _d713-776 هجري _eمؤلف. |
|
| 245 | 1 | 0 |
_aأوصاف الناس في التواريخ والصلات ؛ _bيليها الزواجر والعظات / _cلسان الدين بن الخطيب السلماني ؛ تحقيق محمد كمال شبانة. |
| 264 | 1 |
_aالرباط : _bصندوق إحياء التراث الإسلامي، _c[بين 1900 و1999] |
|
| 300 |
_a190 صفحة ؛ _c28 سم |
||
| 336 |
_aنص _btxt _2rdacontent _3كتاب |
||
| 337 |
_aبدون وسيط _bn _2rdamedia |
||
| 338 |
_aمجلد _bnc _2rdacarrier |
||
| 651 | 7 |
_aالأندلس _vتراجم _2aucsh |
|
| 651 | 7 |
_aالأندلس _xتاريخ _2aucsh |
|
| 700 | 1 |
_aشبانة، محمد كمال، _d1926-2016 _eمحقق. |
|
| 700 | 1 | 2 |
_iمع (عمل) : _aلسان الدين ابن الخطيب، محمد بن عبد الله بن سعيد، _d713-776 هجري. _tالزواجر والعظات. |
| 700 | 1 | 2 |
_iتحقيق لـ (عمل) : _aلسان الدين ابن الخطيب، محمد بن عبد الله بن سعيد، _d713-776 هجري. _tأوصاف الناس في التواريخ والصلات |
| 942 |
_2ddc _cBOOK _n0 |
||
| 949 |
_aSA-JeALM _d250311 _umohamedma123 _n1 |
||
| 999 |
_c6378 _d6378 |
||